แสดงรายละเอียดบรรณานุกรม
  กลับหน้าหลัก

Brief Record : Get Marc (ISO 2709) : E-mail record : QR code ปิดหน้าต่าง
E-books : เกี่ยวกับ Collections
LEADER 00000nam 2200000uu 4500
001    211959
003     ULIBM
008    020711s2560 th a 000 0 tha d
020    08576521
041    ^atha^beng
060  4 อ WA900.JT3 สร356 2560
245    สรุปรายงานการเฝ้าระวังโรค ประจำปี 2559=^bAnnual epidemiological surveillance report 2016/^cสำนักระบาดวิทยา กรมควบคุมโรค กระทรวงสาธารณสุข
246 31 ^aAnnual epidemiological surveillance report 2016
260    นนทบุรี :^bสำนักระบาดวิทยา กรมควบคุมโรค กระทรวงสาธารณสุข,^c2560
300    272 หน้า :^bภาพประกอบ ;^c29 ซม.
650  4 สำนักระบาดวิทยา^xรายงานประจำปี
650  4 ^aระบาดวิทยา^xสถิติ
710 2  ^aกรมควบคุมโรค. สำนักระบาดวิทยา
856    ^zสำนักระบาดวิทยา.pdf (สารบัญหนังสือ)^uhttp://110.164.94.213/ULIB62015//_fulltext/5/211959/20180504085204_1718.pdf
999    ^aใช้งานได้ทุกระบบ
รายการนี้ยังไม่มีแท็ก
คุณยังไม่ได้ล็อกอิน คุณสามารถมีกิจกรรมร่วมกับเว็บไซต์ได้ แต่ต้องล็อกอินก่อน ::
  ล็อกอิน
ลำดับที่ ประเภท เลขเรียก สถานที่ สถานะ
1. หนังสือทั่วไป
หนังสือทั่วไป
อ WA900.JT3 สร356 2560  
  
ชั้นหนังสืออ้างอิง On Shelf
   [แสดง 1/1 รายการ]

BibComment


ยังไม่เคยถูกคอมเมนท์

คอมเมนท์ทรัพยากรรายการนี้
  คอมเมนท์: สรุปรายงานการเฝ้า..
Bib 211959

 
 
 

 Union Library Management : ULibM
Copyright 2026. All Rights Reserved.
скачать бесплатно без регистрации порно красивый секс HD Sex Hindi sex

xxx gou

xxxx

bfxxx

xxxwww

Секса Видео

xxxx

Секса Видео

detube

geilexxx

C99 Shell

worms shell

blod xxx video
Ebony Coed Rihanna Rimes Takes A Dick In Her Young Twat priyaa indian fuck anal and pusssy hardcore indian women xxx desi hardcore fucking part 1 bengalixxxcouple